Rojová aktivita včely medonosnej (Apis mellifera L.) a prejavy správania včiel v roku 2002 v oblasti Štiavnických vrchov

Bibliographic Details
Main Author: Šafařík, Zdeněk (Author)
Format: Article
Language:Slovak
ISBN:8088924332
Subjects:

MARC

LEADER 00000nab a2200000 a 4500
001 vtls008417094
003 SK-MaSNL
005 20260304144906.0
008 250505c2004 xo |r|p|||||||100 b|slo
015 |a SNBRA2005/11  |2 snkbucl 
035 |a (uuid)52ca6885-d043-4f71-80a0-f7d8185b77e3 
035 |a urn:nbn:sk:snk-abaen0 
035 |a (urnnbn)urn:nbn:sk:snk:ar-007ojz 
038 |a SNKBUCL 
040 |a SNKBUCL  |b slo  |c SNKBUCL  |e AACR2 
041 0 |a slo  |b eng 
044 |a xo  |c SK 
080 |a 638.147.4  |x (437.6)  |2 2001 
080 |a 595.7  |2 2001 
100 1 |a Šafařík, Zdeněk  |4 aut  |9 813846 
245 1 0 |a Rojová aktivita včely medonosnej (Apis mellifera L.) a prejavy správania včiel v roku 2002 v oblasti Štiavnických vrchov  |c Zdeněk Šafařík 
546 |a Res. angl. 
650 0 7 |a včela medonosná  |2 snkbucl  |9 25170 
650 0 7 |a rojenie  |2 snkbucl  |9 14590 
651 7 |a Štiavnické vrchy (Slovensko: pohorie)  |2 snkbucl  |9 15246 
773 0 |t Naturae tutela 8  |d Liptovský Mikuláš : Slovenské múzeum ochrany prírody a jaskyniarstva, 2004  |g S. 217-219  |z 8088924332 
850 |a Slovenská národná knižnica 
852 |a Slovenská národná knižnica 
954 |a odborná, vedecká literatúra pôvodná (slovenská)  |2 lita 
958 |a article14 
958 |a OND 
958 |a EUIPO 
999 |c 2933801  |d 2935731